[Event "Cappelle-la-Grande 2014"]
[Site "Cappelle-la-Grande (FRA)"]
[Date "????.??.??"]
[Round "4.83"]
[White "Coenen, Michael"]
[Black "Daniel, Antoine"]
[Result "1-0"]
[WhiteElo "2308"]
[BlackElo "1966"]
[PlyCount "45"]

1. d4 Nf6 2. Nf3 g6 3. Bg5 Ne4 4. Bf4 Bg7 5. e3 d5 6. Bd3 O-O 7. O-O Nd7 8. c4
c6 9. Qc2 f5 10. h3 e6 11. Nc3 g5 12. Bh2 Qe8 13. Nd2 Qh5 14. Ndxe4 fxe4 15.
Be2 Qe8 16. Rad1 Nb6 17. Bd6 Rf6 18. b4 Rh6 19. f4 exf3 20. Rxf3 g4 21. Rf2 e5
22. dxe5 Bxe5 23. Rf8+ 1-0

[Event "Cappelle-la-Grande 2014"]
[Site "Cappelle-la-Grande (FRA)"]
[Date "????.??.??"]
[Round "4.84"]
[White "Coulon, Guillaume"]
[Black "Shvayger, Yuliya"]
[Result "1/2-1/2"]
[WhiteElo "2006"]
[BlackElo "2307"]
[PlyCount "82"]

1. e4 c5 2. Nf3 d6 3. d4 cxd4 4. Qxd4 Nc6 5. Bb5 Bd7 6. Bxc6 Bxc6 7. Nc3 Nf6 8.
Bg5 e6 9. Bxf6 Qxf6 10. Qxf6 gxf6 11. O-O-O Rg8 12. g3 f5 13. Rhe1 O-O-O 14.
Nd4 fxe4 15. Nxc6 bxc6 16. Rxe4 d5 17. Rh4 Rg7 18. Rh5 f6 19. Ne2 Bd6 20. Nd4
Kd7 21. Rd3 Rb8 22. Rh6 Rf7 23. Rf3 Be7 24. c3 c5 25. Ne2 f5 26. Kc2 Bf8 27.
Rh5 Kd6 28. b3 Rfb7 29. Rg5 a5 30. Rh5 a4 31. Nc1 axb3+ 32. axb3 c4 33. b4 d4
34. Rh4 dxc3 35. Rxc4 Kd5 36. Rcxc3 Bxb4 37. Rcd3+ Ke5 38. Rde3+ Kd5 39. Rd3+
Ke5 40. Rde3+ Kd5 41. Rd3+ Ke5 1/2-1/2

[Event "Cappelle-la-Grande 2014"]
[Site "Cappelle-la-Grande (FRA)"]
[Date "????.??.??"]
[Round "4.85"]
[White "Lefebvre, Herve"]
[Black "Inouss, Badr"]
[Result "1/2-1/2"]
[WhiteElo "2307"]
[BlackElo "1954"]
[PlyCount "52"]

1. d4 Nf6 2. c4 g6 3. Nc3 Bg7 4. e4 d6 5. h3 O-O 6. Nf3 e5 7. d5 Nh5 8. Nh2 a5
9. g3 Na6 10. Be2 Nc5 11. Nf1 Nf6 12. Bf3 Ne8 13. g4 Bd7 14. Be3 f6 15. h4 Rf7
16. h5 g5 17. h6 Bf8 18. Ng3 Qb8 19. Be2 c6 20. Nf5 Nc7 21. dxc6 Bxc6 22. Nxd6
Bxd6 23. Qxd6 Nxe4 24. Nxe4 Bxe4 25. f3 Bc6 26. O-O-O Qc8 1/2-1/2

[Event "Cappelle-la-Grande 2014"]
[Site "Cappelle-la-Grande (FRA)"]
[Date "????.??.??"]
[Round "4.86"]
[White "De La Parra Hurtado, Daniela"]
[Black "Klinova, Masha"]
[Result "0-1"]
[WhiteElo "1997"]
[BlackElo "2302"]
[PlyCount "42"]

1. d4 d6 2. c4 e5 3. dxe5 dxe5 4. Qxd8+ Kxd8 5. Nf3 f6 6. e3 Be6 7. Be2 c6 8.
O-O Nd7 9. Rd1 Kc7 10. Bd2 a5 11. b3 Ne7 12. Bc3 Nc8 13. Nbd2 Nc5 14. Ne1 Nb6
15. Nd3 Nbd7 16. Nb2 Be7 17. a3 Nb6 18. Bd3 a4 19. bxa4 Nbxa4 20. Nxa4 Nxa4 21.
Rac1 Rhd8 0-1

[Event "Cappelle-la-Grande 2014"]
[Site "Cappelle-la-Grande (FRA)"]
[Date "????.??.??"]
[Round "4.87"]
[White "Landuyt, Eric"]
[Black "Wacker, Peter"]
[Result "0-1"]
[WhiteElo "1997"]
[BlackElo "2300"]
[PlyCount "92"]

1. c4 f5 2. g3 Nf6 3. Bg2 g6 4. Nc3 Bg7 5. Nf3 O-O 6. d3 d6 7. Bd2 c6 8. Qc1
Re8 9. O-O Na6 10. Rb1 e5 11. b4 Bd7 12. Ne1 Nc7 13. Nc2 Ne6 14. b5 Nc5 15. Nb4
Qc7 16. Bh6 Bh8 17. Bg5 Ne6 18. Bd2 a5 19. bxa6 bxa6 20. Nc2 Nc5 21. Qa3 Be6
22. Na4 Nxa4 23. Qxa4 d5 24. Ba5 Qc8 25. Rb6 Bd7 26. Qb3 Be6 27. Qa4 Bd7 28.
Qb3 e4 29. Nb4 d4 30. Nc2 c5 31. e3 dxe3 32. Nxe3 Bc6 33. Qa3 Nd7 34. Rb3 Bd4
35. dxe4 Ne5 36. Qc1 fxe4 37. Nd5 Bxd5 38. cxd5 c4 39. Rb1 Nd3 40. Qc2 Rf8 41.
Bxe4 Nxf2 42. Bc3 Bxc3 43. Bxg6 Bd4 44. Bxh7+ Kh8 45. Qd2 Qc5 46. Kg2 Qxd5+ 0-1

[Event "Cappelle-la-Grande 2014"]
[Site "Cappelle-la-Grande (FRA)"]
[Date "????.??.??"]
[Round "4.88"]
[White "Bouget, Alexandre"]
[Black "Hadet, Emmanuel"]
[Result "1-0"]
[WhiteElo "2295"]
[BlackElo "1949"]
[PlyCount "57"]

1. d4 Nf6 2. c4 e6 3. Nc3 Bb4 4. a3 Bxc3+ 5. bxc3 c5 6. f3 O-O 7. e4 d6 8. Bd3
Nc6 9. Ne2 e5 10. O-O Qc7 11. Bg5 Ne8 12. Be3 b6 13. d5 Na5 14. Ng3 Ba6 15. Qe2
g6 16. f4 f6 17. h4 Rf7 18. f5 Qd7 19. a4 Kh8 20. Rf2 Ng7 21. Bh6 Rg8 22. fxg6
hxg6 23. Bxg7+ Rgxg7 24. Raf1 Qxa4 25. Rxf6 Qd7 26. h5 g5 27. h6 Rh7 28. Qh5
Kg8 29. Qg6+ 1-0

[Event "Cappelle-la-Grande 2014"]
[Site "Cappelle-la-Grande (FRA)"]
[Date "????.??.??"]
[Round "4.89"]
[White "Kalmes, Rene"]
[Black "Sadikhov, Ulvi"]
[Result "0-1"]
[WhiteElo "1982"]
[BlackElo "2263"]
[PlyCount "62"]

1. e4 c5 2. Nf3 d6 3. d4 cxd4 4. c3 d3 5. Bxd3 Nc6 6. O-O Nf6 7. h3 g6 8. Be3
Bg7 9. Qd2 O-O 10. Na3 b6 11. Rfe1 Bb7 12. Rad1 Qc8 13. Bh6 Rd8 14. Qg5 Bh8 15.
Qh4 Ne5 16. Ng5 Qc5 17. Kh2 Bg7 18. Bxg7 Kxg7 19. f4 Nxd3 20. Rxd3 h6 21. Nf3
Bxe4 22. Rde3 d5 23. Ne5 a6 24. c4 Rac8 25. g4 Qd4 26. Nf3 Bxf3 27. Rxf3 dxc4
28. Rxe7 Qxb2+ 29. Kg3 Re8 30. Rxe8 Rxe8 31. Nxc4 Ne4# 0-1

[Event "Cappelle-la-Grande 2014"]
[Site "Cappelle-la-Grande (FRA)"]
[Date "????.??.??"]
[Round "4.90"]
[White "Blondel, Jerome"]
[Black "Sgircea, Silvia-Raluca"]
[Result "0-1"]
[WhiteElo "1971"]
[BlackElo "2245"]
[PlyCount "78"]

1. Nc3 d5 2. d4 Bf5 3. Bf4 c6 4. e3 Qb6 5. Rb1 Nf6 6. Bd3 Bxd3 7. cxd3 g6 8.
Nf3 Bg7 9. O-O O-O 10. e4 dxe4 11. dxe4 Rd8 12. Qc2 Nbd7 13. b4 Qa6 14. b5 cxb5
15. Nxb5 Rac8 16. Nc7 Qc6 17. Qxc6 bxc6 18. Rb7 Nxe4 19. Rxa7 Nf8 20. Na6 Ne6
21. Be3 Nxd4 22. Bxd4 Bxd4 23. Rxe7 Nc3 24. Nxd4 Rxd4 25. Rfe1 c5 26. Re8+ Rxe8
27. Rxe8+ Kg7 28. Re1 c4 29. Nb4 Nd1 30. a4 c3 31. Nc2 Rd2 32. Na1 Nxf2 33. a5
Nd3 34. Rf1 c2 35. Nb3 Rd1 36. a6 Nc5 37. Nc1 Nxa6 38. Kf2 Rd2+ 39. Ne2 Nb4 0-1

[Event "Cappelle-la-Grande 2014"]
[Site "Cappelle-la-Grande (FRA)"]
[Date "????.??.??"]
[Round "4.91"]
[White "Labadie, Jean-Jacques"]
[Black "Mevel, Alberic"]
[Result "1/2-1/2"]
[WhiteElo "1967"]
[BlackElo "2236"]
[PlyCount "86"]

1. d4 Nf6 2. c4 c5 3. d5 b5 4. cxb5 a6 5. bxa6 g6 6. g3 d6 7. Bg2 Bg7 8. Nc3
Nbd7 9. Nf3 Bxa6 10. O-O O-O 11. Re1 Qa5 12. Bd2 Bb7 13. Bf1 Qb6 14. e4 Ne8 15.
Rb1 Ne5 16. Nxe5 Bxe5 17. a4 Ng7 18. Nb5 Ba6 19. f4 Bxb5 20. Bxb5 Bd4+ 21. Kg2
f5 22. e5 dxe5 23. fxe5 Rad8 24. Bc4 Kh8 25. Bc3 f4 26. Bxd4 cxd4 27. Qb3 Qa5
28. Rbd1 Nf5 29. gxf4 Ne3+ 30. Rxe3 dxe3 31. Qxe3 Qxa4 32. b3 Qd7 33. h3 Qf5
34. Rf1 Ra8 35. Qd2 Qe4+ 36. Kh2 Rad8 37. Qg2 Rxf4 38. Qxe4 Rxe4 39. e6 Re5 40.
Rf7 Re8 41. Bb5 Rb8 42. Bc4 Re8 43. Bb5 Rb8 1/2-1/2

[Event "Cappelle-la-Grande 2014"]
[Site "Cappelle-la-Grande (FRA)"]
[Date "????.??.??"]
[Round "4.92"]
[White "Delchambre, Pascal"]
[Black "Donovan, Linton"]
[Result "0-1"]
[WhiteElo "1966"]
[BlackElo "2233"]
[PlyCount "46"]

1. c4 e6 2. Nc3 d5 3. cxd5 exd5 4. d4 c5 5. e3 Nf6 6. Nf3 Nc6 7. Bb5 a6 8. Be2
Be7 9. O-O O-O 10. dxc5 Bxc5 11. Na4 Bd6 12. b3 Be6 13. Bb2 Qe7 14. Nc3 Rad8
15. g3 Bc5 16. Nd4 Bh3 17. Re1 Ne5 18. Bf3 Rfe8 19. Bg2 Bg4 20. f3 Bh5 21. a3
Bg6 22. Bf1 h5 23. f4 Neg4 0-1

[Event "Cappelle-la-Grande 2014"]
[Site "Cappelle-la-Grande (FRA)"]
[Date "????.??.??"]
[Round "4.93"]
[White "Mouhamad, Joachin"]
[Black "Bier, Armin"]
[Result "0-1"]
[WhiteElo "2226"]
[BlackElo "1946"]
[PlyCount "132"]

1. e4 c5 2. Nc3 Nc6 3. f4 g6 4. Nf3 Bg7 5. Bb5 e6 6. Bxc6 bxc6 7. d3 d5 8. O-O
Ne7 9. e5 Nf5 10. Na4 c4 11. d4 h5 12. Qe1 Bf8 13. Bd2 a5 14. Qf2 c5 15. Be3
Nxe3 16. Qxe3 cxd4 17. Nxd4 Bd7 18. Nc3 Bc5 19. Nce2 O-O 20. g3 Qb6 21. Rfb1
Rab8 22. c3 a4 23. a3 Kg7 24. Kg2 Rb7 25. Qd2 Rfb8 26. h3 Qc7 27. Qc2 Rb6 28.
g4 hxg4 29. hxg4 Qb7 30. b4 axb3 31. Qd2 Rh8 32. Qe3 Qa8 33. Qg3 Rh6 34. f5 Qh8
35. fxg6 Rxg6 36. Nf4 Rg5 37. Rh1 Qg8 38. Nh5+ Rxh5 39. Rxh5 Kf8 40. Qh4 Be7
41. g5 Qg6 42. Rh8+ Kg7 43. Nf5+ exf5 44. Rh6 Qxg5+ 45. Qxg5+ Bxg5 46. Rxb6 Bd2
47. Rd1 Bxc3 48. Rxd5 Be6 49. Rdb5 Bd4 50. Rxe6 fxe6 51. Kf3 b2 52. Ke2 Bxe5
53. a4 f4 54. a5 c3 55. a6 Bd4 56. Kd3 e5 57. Kc2 f3 58. Rb7+ Kf6 59. Rb8 Kf5
60. Kd3 Kf4 61. Rb7 f2 62. Rf7+ Kg3 63. Rg7+ Kh2 64. Rh7+ Kg1 65. Rg7+ Kf1 66.
Rb7 Ke1 0-1

[Event "Cappelle-la-Grande 2014"]
[Site "Cappelle-la-Grande (FRA)"]
[Date "????.??.??"]
[Round "4.94"]
[White "Guez, Fabien"]
[Black "Blom, Vincent"]
[Result "0-1"]
[WhiteElo "1956"]
[BlackElo "2214"]
[PlyCount "126"]

1. e4 c6 2. d4 d5 3. Nc3 dxe4 4. Nxe4 Bf5 5. Ng3 Bg6 6. N1e2 Nd7 7. Nf4 e5 8.
Nxg6 hxg6 9. dxe5 Qa5+ 10. Bd2 Qxe5+ 11. Qe2 O-O-O 12. Qxe5 Nxe5 13. Bc3 Re8
14. Be2 Nf6 15. O-O Bc5 16. h3 Nd5 17. Bd2 f5 18. Rfe1 Nb4 19. Rec1 Rd8 20. Bg5
Rd7 21. a3 Nd5 22. c4 Nf6 23. Rd1 Rhd8 24. Rxd7 Rxd7 25. b4 Bd6 26. Ra2 Nf7 27.
Bxf6 gxf6 28. Kf1 Be5 29. Rc2 Bxg3 30. fxg3 Ng5 31. Ke1 Kc7 32. Rc3 Rd4 33. Bf3
Nxf3+ 34. gxf3 f4 35. gxf4 Rxf4 36. Kf2 c5 37. Kg3 g5 38. Rc1 Kb6 39. Rc2 a5
40. b5 a4 41. Kf2 Kc7 42. Ke3 Rh4 43. Kd3 Rxh3 44. Ke4 Kd6 45. Rg2 Ke6 46. Ke3
b6 47. Re2 Kf5 48. Rd2 g4 49. Rd6 Rxf3+ 50. Ke2 Rxa3 51. Rxb6 Rc3 52. Rc6 Rxc4
53. b6 Kg6 54. b7 Rb4 55. Rxc5 Rxb7 56. Rc4 Kg5 57. Rxa4 f5 58. Ra8 Rb2+ 59.
Ke3 f4+ 60. Ke4 Re2+ 61. Kd3 Re3+ 62. Kd2 Re6 63. Ra5+ Kh4 0-1

[Event "Cappelle-la-Grande 2014"]
[Site "Cappelle-la-Grande (FRA)"]
[Date "????.??.??"]
[Round "4.95"]
[White "Raghavi, N."]
[Black "Deknuydt, Claudy"]
[Result "1-0"]
[WhiteElo "2213"]
[BlackElo "1945"]
[PlyCount "83"]

1. e4 Nf6 2. e5 Nd5 3. d4 d6 4. c4 Nb6 5. exd6 cxd6 6. Nc3 g6 7. Nf3 Bg7 8. Be3
Nc6 9. Rc1 O-O 10. d5 Ne5 11. Nxe5 Bxe5 12. Be2 Bd7 13. f4 Bg7 14. O-O f5 15.
b3 Re8 16. Bf3 Rc8 17. a4 a6 18. Qd2 Na8 19. Ne2 Nc7 20. a5 e6 21. dxe6 Bc6 22.
Bb6 Bxf3 23. Rxf3 Rxe6 24. Nd4 Bxd4+ 25. Bxd4 Ne8 26. Re1 Rxe1+ 27. Qxe1 Kf7
28. Rd3 Nf6 29. Qh4 h5 30. Bxf6 Qxf6 31. Qxf6+ Kxf6 32. Rxd6+ Ke7 33. Rxg6 Rc5
34. Rg5 Rxa5 35. Rxh5 Kd6 36. h4 Rc5 37. Rh6+ Kc7 38. Rh7+ Kc6 39. h5 a5 40.
Rf7 b5 41. cxb5+ Kxb5 42. h6 1-0

[Event "Cappelle-la-Grande 2014"]
[Site "Cappelle-la-Grande (FRA)"]
[Date "????.??.??"]
[Round "4.96"]
[White "Alloui-Cros, Baptiste"]
[Black "Lyell, Mark"]
[Result "1/2-1/2"]
[WhiteElo "1934"]
[BlackElo "2205"]
[PlyCount "62"]

1. d4 d5 2. e4 dxe4 3. Nc3 e5 4. Nxe4 exd4 5. Nf3 Nf6 6. Nxf6+ Qxf6 7. Qxd4 Be7
8. Bf4 Nc6 9. Bb5 Bd7 10. Bxc6 Bxc6 11. O-O-O Bxf3 12. Qxf6 Bxf6 13. Rhe1+ Kf8
14. gxf3 Rd8 15. Bxc7 Rxd1+ 16. Kxd1 g6 17. Be5 Kg7 18. Bxf6+ Kxf6 19. Re4 Rd8+
20. Ke2 Rd5 21. Rc4 Re5+ 22. Kf1 Re7 23. Re4 Rd7 24. Ke2 Rd5 25. Rc4 Re5+ 26.
Kf1 Re7 27. Re4 Rd7 28. Ke2 Kg5 29. c3 f5 30. Rd4 Re7+ 31. Kf1 Kh5 1/2-1/2

[Event "Cappelle-la-Grande 2014"]
[Site "Cappelle-la-Grande (FRA)"]
[Date "????.??.??"]
[Round "4.97"]
[White "Menna, Ivan"]
[Black "Kryvoruchko, Vita"]
[Result "0-1"]
[WhiteElo "1931"]
[BlackElo "2201"]
[PlyCount "68"]

1. e4 c5 2. Nf3 d6 3. d4 cxd4 4. Nxd4 Nf6 5. Nc3 a6 6. Bc4 e6 7. O-O b5 8. Bb3
Be7 9. Qf3 Qb6 10. Be3 Qb7 11. Qg3 b4 12. Na4 Nbd7 13. f3 O-O 14. c3 bxc3 15.
Nxc3 Nc5 16. Rac1 Bd7 17. Rfd1 Rfc8 18. e5 dxe5 19. Qxe5 a5 20. Bc2 Qxb2 21.
Bb1 Na4 22. Nde2 Bc5 23. Bxc5 Rxc5 24. Qe3 Nxc3 25. Rxc3 Rxc3 26. Nxc3 Rc8 27.
Ne4 Nd5 28. Qd3 Ba4 29. Qa6 Rb8 30. Re1 Nf4 31. Qf1 Bb5 32. Qf2 Ne2+ 33. Kh1
Ba6 34. Ng3 Nxg3+ 0-1

[Event "Cappelle-la-Grande 2014"]
[Site "Cappelle-la-Grande (FRA)"]
[Date "????.??.??"]
[Round "4.98"]
[White "Gauthier, Cyrille"]
[Black "Roos, Adrian"]
[Result "1-0"]
[WhiteElo "1922"]
[BlackElo "2198"]
[PlyCount "99"]

1. e4 c5 2. Nf3 d6 3. d4 cxd4 4. Nxd4 Nf6 5. Nc3 a6 6. Be2 e5 7. Nb3 Be7 8. O-O
Be6 9. Be3 Nbd7 10. f4 Qc7 11. f5 Bc4 12. Re1 b5 13. Bd3 Rc8 14. Rc1 O-O 15. g4
d5 16. g5 d4 17. gxf6 Bxf6 18. Bd2 dxc3 19. Bxc3 b4 20. Bd2 a5 21. Be3 Rfd8 22.
Qe2 a4 23. Bxc4 Qxc4 24. Qxc4 Rxc4 25. Nd2 Rc6 26. c4 bxc3 27. Rxc3 Rxc3 28.
bxc3 h6 29. Rd1 Nf8 30. Kf2 Rd3 31. Rc1 Nd7 32. c4 Be7 33. Ke2 Rd6 34. Rb1 Nf6
35. c5 Rc6 36. Rb8+ Bf8 37. Rd8 Rc7 38. Kd3 Nd7 39. c6 Nf6 40. Bc5 Nh7 41. Bxf8
Nxf8 42. Rd6 Nh7 43. Kc4 Kf8 44. Kc5 Rc8 45. Kb6 Rb8+ 46. Ka7 Re8 47. Kb7 Nf6
48. c7 Ke7 49. Rc6 Nxe4 50. Nxe4 1-0

[Event "Cappelle-la-Grande 2014"]
[Site "Cappelle-la-Grande (FRA)"]
[Date "????.??.??"]
[Round "4.99"]
[White "Halfaoui, Eddine"]
[Black "Leruste, Georges"]
[Result "1/2-1/2"]
[WhiteElo "1916"]
[BlackElo "2179"]
[PlyCount "104"]

1. e4 d5 2. exd5 Qxd5 3. Nc3 Qa5 4. d4 Nf6 5. Bd3 Bg4 6. Nge2 Nc6 7. f3 Bd7 8.
Bd2 e5 9. Ne4 Qb6 10. dxe5 Nxe4 11. Bxe4 Nxe5 12. Bc3 Bb4 13. Qd4 Qxd4 14. Nxd4
Bxc3+ 15. bxc3 O-O-O 16. O-O g6 17. Rfe1 Rhe8 18. Rab1 c6 19. f4 Nc4 20. Bd3
Nb6 21. Be4 Na4 22. Bf3 Nxc3 23. Rxe8 Bxe8 24. Rb4 Nd5 25. Bxd5 Rxd5 26. Nf3 c5
27. Rb3 Bc6 28. Re3 Rd1+ 29. Kf2 Bd5 30. a3 b6 31. Re7 Bxf3 32. Kxf3 Rd7 33.
Re8+ Kc7 34. Ke3 f5 35. Rh8 Kc6 36. c4 Kb7 37. h3 a6 38. g4 b5 39. cxb5 axb5
40. gxf5 c4 41. f6 c3 42. f7 Rxf7 43. Kd3 Rc7 44. Kc2 Ka7 45. Rf8 Kb6 46. Rb8+
Ka7 47. Rxb5 Rf7 48. Rb4 Rf5 49. Re4 Rh5 50. Re3 Rf5 51. Re7+ Kb6 52. Re6+ Kc7
1/2-1/2

[Event "Cappelle-la-Grande 2014"]
[Site "Cappelle-la-Grande (FRA)"]
[Date "????.??.??"]
[Round "5.13"]
[White "Burmakin, Vladimir"]
[Black "Drasko, Milan"]
[Result "1-0"]
[WhiteElo "2568"]
[BlackElo "2460"]
[PlyCount "73"]

1. d4 Nf6 2. Nf3 e6 3. c4 Bb4+ 4. Nbd2 d6 5. a3 Bxd2+ 6. Qxd2 O-O 7. b3 Qe7 8.
Bb2 Nc6 9. Qc2 e5 10. d5 Nb8 11. g3 c6 12. dxc6 Nxc6 13. Bg2 Bg4 14. O-O Rac8
15. h3 Bxf3 16. Bxf3 Qe6 17. Bg2 d5 18. Rac1 Rfd8 19. Rfd1 d4 20. b4 b6 21. Qa4
h5 22. c5 Nd7 23. b5 Na5 24. c6 Nf6 25. Qc2 Nb3 26. Rb1 Nd7 27. Bc3 Ndc5 28.
Bb4 f5 29. h4 e4 30. Qb2 e3 31. f4 Qg6 32. Kh2 d3 33. Rxd3 Nxd3 34. Qxb3+ Kh7
35. exd3 Qg4 36. Re1 e2 37. d4 1-0

[Event "Cappelle-la-Grande 2014"]
[Site "Cappelle-la-Grande (FRA)"]
[Date "????.??.??"]
[Round "5.14"]
[White "Petkov, Vladimir"]
[Black "Santiago, Yago De Moura"]
[Result "1/2-1/2"]
[WhiteElo "2566"]
[BlackElo "2446"]
[PlyCount "78"]

1. d4 Nf6 2. c4 e6 3. Nc3 Bb4 4. Nf3 b6 5. Qb3 a5 6. g3 O-O 7. Bg2 d5 8. a3 Be7
9. cxd5 exd5 10. O-O c6 11. Ne5 Nfd7 12. Nd3 Bf6 13. Bf4 Ba6 14. Rfd1 Bc4 15.
Qc2 Bxd4 16. e4 dxe4 17. Nxe4 Bd5 18. Bd6 Re8 19. Nf4 Bxe4 20. Bxe4 Qf6 21.
Bxh7+ Kh8 22. Bxb8 Nxb8 23. Be4 Ra7 24. Rd2 Rae7 25. Re1 Nd7 26. Rde2 Nc5 27.
Bf3 Rxe2 28. Rxe2 Rxe2 29. Qxe2 Qe5 30. b4 axb4 31. axb4 Ne6 32. Qxe5 Bxe5 33.
Nd3 Bd6 34. Bxc6 Nd4 35. Bd5 Kg8 36. f4 Nc2 37. b5 Nb4 38. Nxb4 Bxb4 39. Kg2 g6
1/2-1/2

[Event "Cappelle-la-Grande 2014"]
[Site "Cappelle-la-Grande (FRA)"]
[Date "????.??.??"]
[Round "5.15"]
[White "Kohlweyer, Bernd"]
[Black "Baryshpolets, Andrey"]
[Result "1-0"]
[WhiteElo "2416"]
[BlackElo "2558"]
[PlyCount "106"]

1. d4 Nf6 2. c4 e6 3. g3 d5 4. Bg2 Bb4+ 5. Bd2 Be7 6. cxd5 exd5 7. Nc3 O-O 8.
e3 c6 9. Nge2 Re8 10. O-O Nbd7 11. Qc2 Nb6 12. Rad1 g6 13. f3 c5 14. Bc1 cxd4
15. Nxd4 Bd7 16. g4 Rc8 17. Qf2 Qc7 18. h3 Bc6 19. Kh1 Rcd8 20. Nxc6 bxc6 21.
e4 dxe4 22. Rxd8 Bxd8 23. fxe4 Nc4 24. Bf4 Ne5 25. Qd4 Nfd7 26. Rd1 Qb7 27. b3
Bb6 28. Qd2 Ba5 29. Qc2 Qb4 30. Na4 Qe7 31. Qf2 Nb6 32. Qc5 Nxa4 33. Qxa5 Nb2
34. Rb1 Nbd3 35. Bg3 Qd7 36. Qc3 c5 37. Kh2 Qe7 38. Rd1 Nb4 39. a3 Nbc6 40. Rd5
Nd7 41. b4 Rc8 42. b5 Nd8 43. a4 Nb6 44. Re5 Ne6 45. a5 Nd7 46. Rd5 Nc7 47. Qc4
Nxd5 48. exd5 Qe3 49. b6 axb6 50. a6 Qd2 51. Qb5 Nf6 52. Qxb6 Nxd5 53. Qd6 Ra8
1-0

[Event "Cappelle-la-Grande 2014"]
[Site "Cappelle-la-Grande (FRA)"]
[Date "????.??.??"]
[Round "5.16"]
[White "Spraggett, Kevin"]
[Black "Piscopo, Pierluigi"]
[Result "1-0"]
[WhiteElo "2557"]
[BlackElo "2407"]
[PlyCount "95"]

1. Nf3 Nf6 2. c4 g6 3. b3 Bg7 4. Bb2 d6 5. g3 e5 6. d3 Bg4 7. Bg2 Qc8 8. h3 Bd7
9. Nc3 O-O 10. Qd2 Nc6 11. e3 a6 12. Rc1 Re8 13. Nd5 Nxd5 14. cxd5 Ne7 15. e4
c5 16. dxc6 bxc6 17. h4 Qd8 18. O-O c5 19. b4 cxb4 20. Qxb4 Rb8 21. Qd2 Bb5 22.
Bc3 d5 23. Nxe5 dxe4 24. Bxe4 Nf5 25. Ba5 Qf6 26. Nf3 Nh6 27. Bd5 Qf5 28. Qg5
Bxd3 29. Bc7 Rb5 30. Qxf5 Nxf5 31. Bc6 Rc8 32. Bxb5 axb5 33. Rfe1 Bb2 34. Rc5
Bc4 35. Bb6 Ra8 36. g4 Nd4 37. Nxd4 Bxd4 38. Rxc4 Bxb6 39. Rc6 Bd4 40. Re4 Bb2
41. Kg2 Ra4 42. Rxa4 bxa4 43. Kf3 h6 44. Ke4 Kf8 45. h5 gxh5 46. gxh5 Kg7 47.
Ra6 a3 48. Kd3 1-0

[Event "Cappelle-la-Grande 2014"]
[Site "Cappelle-la-Grande (FRA)"]
[Date "????.??.??"]
[Round "5.17"]
[White "Brodsky, Michail"]
[Black "Kukov, Velislav"]
[Result "1-0"]
[WhiteElo "2554"]
[BlackElo "2399"]
[PlyCount "105"]

1. d4 Nf6 2. c4 g6 3. Nc3 Bg7 4. e4 d6 5. Be2 O-O 6. Nf3 c5 7. d5 b5 8. cxb5 a6
9. O-O axb5 10. Bxb5 Ba6 11. Qe2 Bxb5 12. Nxb5 Qb6 13. a4 Ng4 14. Bg5 f6 15.
Bh4 Nd7 16. Nd2 Nh6 17. f3 Qd8 18. b3 g5 19. Bf2 f5 20. exf5 Bxa1 21. Rxa1 Rxf5
22. Nc4 Ne5 23. Ne3 Rf6 24. Be1 Nhf7 25. Bc3 Qd7 26. Nc4 Qf5 27. Re1 Rg6 28.
Bxe5 Nxe5 29. Nxe5 Qxe5 30. Qxe5 dxe5 31. Rxe5 Kf7 32. Kf2 h6 33. Ke3 Rf6 34.
Kd3 Rf4 35. Re4 Rxe4 36. fxe4 Kf6 37. Kc4 Ke5 38. Kxc5 Kxe4 39. Nc7 Rd8 40. Kc6
Rb8 41. a5 Rxb3 42. a6 Ra3 43. Kd7 Rc3 44. a7 Ra3 45. a8=Q Rxa8 46. Nxa8 Kxd5
47. Kxe7 Ke5 48. Kf7 Kf5 49. Kg7 h5 50. Kh6 Kg4 51. Nc7 Kh4 52. Ne6 g4 53. g3+
1-0

[Event "Cappelle-la-Grande 2014"]
[Site "Cappelle-la-Grande (FRA)"]
[Date "????.??.??"]
[Round "5.18"]
[White "Prevot, Emmanuel"]
[Black "Kharitonov, Alexandr"]
[Result "0-1"]
[WhiteElo "2095"]
[BlackElo "2554"]
[PlyCount "76"]

1. e4 c6 2. d4 d5 3. exd5 cxd5 4. c4 Nf6 5. Nc3 Nc6 6. Nf3 Be6 7. c5 g6 8. Bb5
Bg7 9. Ne5 Qc8 10. Qa4 Bd7 11. Bxc6 Bxc6 12. Nxc6 bxc6 13. O-O O-O 14. Re1 Re8
15. h3 Nd7 16. Bf4 e5 17. Bxe5 Nxe5 18. dxe5 Bxe5 19. Qc2 Qa6 20. Na4 Re6 21.
Rad1 Rae8 22. g3 Bf6 23. Rxe6 Rxe6 24. Kg2 Re2 25. Qb3 h5 26. a3 Re7 27. h4 Kg7
28. Qc2 Re2 29. Qb3 Re4 30. Nc3 Qc4 31. Qxc4 Rxc4 32. Rd3 Rxc5 33. Na4 Rb5 34.
b4 a5 35. Nc3 Rb8 36. bxa5 Rb3 37. a4 Rxc3 38. a6 Rc5 0-1

[Event "Cappelle-la-Grande 2014"]
[Site "Cappelle-la-Grande (FRA)"]
[Date "????.??.??"]
[Round "5.19"]
[White "Popovic, Dusan"]
[Black "Yagupov, Igor"]
[Result "1/2-1/2"]
[WhiteElo "2553"]
[BlackElo "2393"]
[PlyCount "41"]

1. e4 c5 2. Nf3 Nc6 3. Bb5 Nf6 4. Bxc6 dxc6 5. d3 Bg4 6. h3 Bh5 7. Nc3 Qc7 8.
Be3 e5 9. g4 Bg6 10. Nh4 Nd7 11. Qd2 f6 12. Nxg6 hxg6 13. f4 exf4 14. Bxf4 Bd6
15. Bxd6 Qxd6 16. O-O-O g5 17. Ne2 O-O-O 18. Qe3 a6 19. Kb1 Ne5 20. b3 Rd7 21.
Qf2 1/2-1/2

[Event "Cappelle-la-Grande 2014"]
[Site "Cappelle-la-Grande (FRA)"]
[Date "????.??.??"]
[Round "5.20"]
[White "Goossens, Hanne"]
[Black "Miezis, Normunds"]
[Result "0-1"]
[WhiteElo "2092"]
[BlackElo "2548"]
[PlyCount "44"]

1. e4 c5 2. Nf3 e6 3. d4 cxd4 4. Nxd4 a6 5. Bd3 Nc6 6. Nxc6 dxc6 7. Nd2 Qc7 8.
Qf3 Ne7 9. Nc4 Ng6 10. a4 b5 11. axb5 cxb5 12. Na5 Bb4+ 13. Bd2 Bxd2+ 14. Kxd2
e5 15. Rhd1 O-O 16. Qe3 f5 17. exf5 Bxf5 18. Bxf5 Rxf5 19. Qb3+ Kh8 20. Ke1
Raf8 21. Rd2 e4 22. Re2 Qxh2 0-1

[Event "Cappelle-la-Grande 2014"]
[Site "Cappelle-la-Grande (FRA)"]
[Date "????.??.??"]
[Round "5.21"]
[White "Arizmendi Martinez, Julen Luis"]
[Black "Von Meijenfeldt, Bart"]
[Result "1-0"]
[WhiteElo "2547"]
[BlackElo "2263"]
[PlyCount "53"]

1. e4 c5 2. Nf3 d6 3. d4 cxd4 4. Nxd4 Nf6 5. Nc3 a6 6. g3 g6 7. Bg2 Bg7 8. O-O
O-O 9. h3 Nc6 10. Be3 Bd7 11. Qd2 Nxd4 12. Bxd4 Bc6 13. Rfe1 Nd7 14. Bxg7 Kxg7
15. Nd5 Bxd5 16. exd5 Re8 17. Re3 Rc8 18. Rae1 Rc5 19. c3 Nf6 20. a4 Qd7 21.
Qd4 h6 22. g4 Rcc8 23. a5 Rc5 24. b4 Rc7 25. f4 Kg8 26. Bf3 Qc8 27. Qxf6 1-0

[Event "Cappelle-la-Grande 2014"]
[Site "Cappelle-la-Grande (FRA)"]
[Date "????.??.??"]
[Round "5.22"]
[White "Duverne, Jean-Marie"]
[Black "Malakhatko, Vadim"]
[Result "0-1"]
[WhiteElo "2081"]
[BlackElo "2547"]
[PlyCount "156"]

1. e4 c5 2. Nf3 e6 3. d4 cxd4 4. Nxd4 Nc6 5. Nc3 Qc7 6. Be3 a6 7. Bd3 Nf6 8.
O-O Nxd4 9. Bxd4 Bc5 10. Bxc5 Qxc5 11. Qe2 d6 12. Rfe1 Nd7 13. Rad1 Ne5 14. Qe3
Qxe3 15. Rxe3 g5 16. Bf1 Ke7 17. Ne2 Bd7 18. Nd4 Rac8 19. c3 g4 20. f4 gxf3 21.
Nxf3 Ba4 22. Rd2 Ng6 23. Kf2 Bc6 24. g3 Rcd8 25. Bg2 h5 26. h4 Rhg8 27. a3 f6
28. Re1 Rg7 29. Bh3 Rdg8 30. Nd4 Bd7 31. Re3 Ne5 32. b3 b5 33. Ne2 a5 34. Rd4
Be8 35. Nf4 Bf7 36. Rd2 Rb8 37. Ne2 Rgg8 38. Nd4 Rgc8 39. Nf3 Nd7 40. b4 Nb6
41. Bf1 axb4 42. cxb4 Nc4 43. Bxc4 Rxc4 44. Nd4 Bg6 45. Nf5+ Bxf5 46. exf5 e5
47. Red3 Rb6 48. Ke3 Kd7 49. Rd5 Rc3+ 50. R2d3 Rxd3+ 51. Rxd3 Rb8 52. Rc3 Rg8
53. Kf2 Rg4 54. Kf3 Rd4 55. Ke3 Rd1 56. Ke2 Ra1 57. Kf2 Ra2+ 58. Ke3 d5 59. Kf3
e4+ 60. Kf4 Rf2+ 61. Ke3 Rg2 62. Kd4 Kd6 63. Rb3 Rg1 64. a4 bxa4 65. Ra3 Rd1+
66. Ke3 Ke5 67. Rxa4 Rd3+ 68. Kf2 Kxf5 69. Ra8 Rf3+ 70. Kg2 Rb3 71. Rd8 Ke5 72.
Rh8 Rb2+ 73. Kh3 e3 74. Rxh5+ Kd4 75. Rh6 e2 76. Rxf6 Kd3 77. Re6 Rxb4 78. h5
Re4 0-1

[Event "Cappelle-la-Grande 2014"]
[Site "Cappelle-la-Grande (FRA)"]
[Date "????.??.??"]
[Round "5.23"]
[White "Rusev, Krasimir"]
[Black "Dutreuil, Raphael"]
[Result "1-0"]
[WhiteElo "2541"]
[BlackElo "2104"]
[PlyCount "45"]

1. c4 Nf6 2. Nc3 d5 3. cxd5 Nxd5 4. g3 g6 5. Bg2 Nxc3 6. bxc3 Bg7 7. Rb1 Nd7 8.
Nf3 O-O 9. O-O c5 10. Qa4 Qc7 11. Qh4 Nf6 12. d3 Qa5 13. Bh6 Qxa2 14. Rfe1 a5
15. c4 Re8 16. Bxg7 Kxg7 17. Qg5 Nd7 18. Qc1 Nf6 19. Qc3 Qa4 20. Ne5 Rd8 21.
Rb5 Qa2 22. Bf3 Bd7 23. Nxd7 1-0